Welcome to the Holygrace Academy Library

Please use search bar below to get started

MANORAMA YEARBOOK 2019 (Record no. 6684)

MARC details
000 -LEADER
fixed length control field 00311nam a22001337a 4500
020 ## - INTERNATIONAL STANDARD BOOK NUMBER
ISBN 788193769713
082 ## - DEWEY DECIMAL CLASSIFICATION NUMBER
Classification number 001
Item number MAN/Y
100 ## - MAIN ENTRY--AUTHOR NAME
Personal name MANORAMA
245 ## - TITLE STATEMENT
Title MANORAMA YEARBOOK 2019
260 ## - PUBLICATION, DISTRIBUTION, ETC. (IMPRINT)
Place of publication KOTTAYAM
Name of publisher MALAYALA MANORAMA PRESS
Year of publication 2019
300 ## - PHYSICAL DESCRIPTION
Number of Pages 1039
650 ## - SUBJECT ADDED ENTRY--TOPICAL TERM
Topical Term GENERAL KNOWLEDGE
Geographic subdivision INDIA
942 ## - ADDED ENTRY ELEMENTS (KOHA)
Koha item type Books
Holdings
Withdrawn status Lost status Collection code Home library Current library Shelving location Date acquired Source of acquisition Cost, normal purchase price Full call number Accession Number Koha item type
    G.K Main Library Main Library SHELF-17F-YEAR BOOK 14/01/2019 purchase 300.00 001 MAN/Y 10393 Books